|
|
|
|
| LEADER |
02248nam a2200481 a 4500 |
| 001 |
EBC557133 |
| 003 |
MiAaPQ |
| 005 |
20200520144314.0 |
| 006 |
m o d | |
| 007 |
cr cn||||||||| |
| 008 |
041206s2005 njua sb 001 0 eng d |
| 010 |
|
|
|z 2004065435
|
| 020 |
|
|
|z 0691122911 (alk. paper)
|
| 020 |
|
|
|z 9780691122915
|
| 020 |
|
|
|z 9780691133812 (pbk.)
|
| 020 |
|
|
|a 9781400837014 (electronic bk.)
|
| 035 |
|
|
|a (MiAaPQ)EBC557133
|
| 035 |
|
|
|a (Au-PeEL)EBL557133
|
| 035 |
|
|
|a (CaPaEBR)ebr10397708
|
| 035 |
|
|
|a (CaONFJC)MIL264175
|
| 035 |
|
|
|a (OCoLC)650308547
|
| 040 |
|
|
|a MiAaPQ
|c MiAaPQ
|d MiAaPQ
|
| 050 |
|
4 |
|a HD2741
|b .G677 2005
|
| 082 |
0 |
4 |
|a 338.6
|2 22
|
| 100 |
1 |
|
|a Gourevitch, Peter Alexis.
|
| 245 |
1 |
0 |
|a Political power and corporate control
|h [electronic resource] :
|b the new global politics of corporate governance /
|c Peter Alexis Gourevitch and James J. Shinn.
|
| 246 |
1 |
3 |
|a Political power & corporate control
|
| 246 |
3 |
0 |
|a Global politics of corporate governance
|
| 260 |
|
|
|a Princeton :
|b Princeton University Press,
|c c2005.
|
| 300 |
|
|
|a xvii, 344 p. :
|b ill.
|
| 500 |
|
|
|a Includes statistical evidence from a sample of 39 countries, with detailed narratives of nine specific country cases.
|
| 504 |
|
|
|a Includes bibliographical references (p. [313]-332) and index.
|
| 505 |
0 |
|
|a Introduction and summary argument -- Governance patterns: what causes what? -- Framing incentives: the economics and law tradition -- Politics: preferences and institutions -- Preference cleavages 1: class conflict -- Preference cleavages 2: sectoral conflict -- Preference cleavages 3: transparency, voice, and pensions -- Conclusion : going forward.
|
| 533 |
|
|
|a Electronic reproduction. Ann Arbor, MI : ProQuest, 2015. Available via World Wide Web. Access may be limited to ProQuest affiliated libraries.
|
| 650 |
|
0 |
|a Corporate governance.
|
| 650 |
|
0 |
|a Corporations
|x Investor relations.
|
| 650 |
|
0 |
|a Business and politics.
|
| 650 |
|
0 |
|a Corporations
|x Political activity.
|
| 650 |
|
0 |
|a International finance.
|
| 655 |
|
4 |
|a Electronic books.
|
| 700 |
1 |
|
|a Shinn, James.
|
| 710 |
2 |
|
|a ProQuest (Firm)
|
| 856 |
4 |
0 |
|u https://ebookcentral.proquest.com/lib/matrademy/detail.action?docID=557133
|z Click to View
|